| 000 | 00708nam a22001937a 4500 | ||
|---|---|---|---|
| 005 | 20180327144135.0 | ||
| 010 | _aB-690936-940 | ||
| 020 |
_a9780143441502 _c100.00 |
||
| 035 | _aB-690936-940 | ||
| 037 |
_adpl _bPansy Books |
||
| 082 | _a371.3 | ||
| 100 | _aModi, Narendra | ||
| 245 |
_aExam warriors / _cby Narendra Modi |
||
| 260 |
_aGurgaon _bPenguin Books _c2018 |
||
| 270 |
_a7th Floor, Infinity Tower C, DLF Cyber City, _bGurgaon _e122002 |
||
| 300 |
_axi,193p. _c22cm(pbk) |
||
| 942 |
_2ddc _cCH _mMOD _h371.3 |
||
| 999 |
_c150579 _d150579 |
||